Statistics for Countries by Picture of Ruler - 1980

Click here to take the quiz!

General Stats

  • This quiz has been taken 1,773 times
  • The average score is 9 of 16

Answer Stats

Answer% Correct
United Kingdom
99%
Iran
97%
United States
95%
China
81%
Iraq
81%
Soviet Union
74%
India
67%
Libya
51%
France
43%
Romania
40%
Chile
36%
Argentina
32%
Israel
32%
East Germany
30%
Poland
15%
Italy
12%

Score Distribution

Percentile by Number Answered

Percent of People with Each Score

Your Score History

You have not taken this quiz